[Event "XXXVIII TSz Juniorow FERIE z SZACHAMI 20"]
[Site "MDK nr 1 w Bydgoszczy"]
[Date "2021.??.??"]
[Round "1.1"]
[White "Zglinski, Sebastian"]
[Black "Holynski, Szymon"]
[Result "0-1"]
[WhiteElo "1120"]
[BlackElo "1146"]
[PlyCount "98"]
[EventDate "2021.??.??"]

1. d4 Nf6 2. c4 e6 3. Nc3 d5 4. Bg5 Be7 5. Nf3 O-O 6. e3 b6 7. cxd5 Nxd5 8.
Bxe7 Nxe7 9. Bd3 f5 10. O-O Bb7 11. e4 Kh8 12. Re1 Nbc6 13. Bc4 fxe4 14. Nxe4
Nf5 15. d5 exd5 16. Bxd5 Nfe7 17. Bb3 Qxd1 18. Raxd1 Rad8 19. Neg5 Rxd1 20.
Rxd1 Na5 21. Ne6 Rc8 22. Rd7 Nxb3 23. Rxe7 Bxf3 24. gxf3 Nd2 25. Kg2 Nc4 26.
Nxg7 Rg8 27. Rxc7 Rxg7+ 28. Rxg7 Kxg7 29. b3 Nd6 30. Kg3 Kf6 31. Kf4 Nb5 32. h4
h5 33. a4 Nd4 34. b4 Nc2 35. b5 Ne1 36. Ke4 Ng2 37. Kd5 Nxh4 38. Kc6 Nxf3 39.
Kb7 h4 40. Kxa7 h3 41. Kxb6 h2 42. Ka7 h1=Q 43. b6 Nd4 44. b7 Ke6 45. a5 Nc6+
46. Kb6 Kd7 47. a6 Qb1+ 48. Kc5 Qa2 49. Kb5 Qa5+ 0-1

[Event "XXXVIII TSz Juniorow FERIE z SZACHAMI 20"]
[Site "MDK nr 1 w Bydgoszczy"]
[Date "2021.??.??"]
[Round "1.2"]
[White "Podlewski, Szymon"]
[Black "Grzechowiak, Kacper"]
[Result "0-1"]
[WhiteElo "1601"]
[BlackElo "1480"]
[PlyCount "76"]
[EventDate "2021.??.??"]

1. e4 c6 2. d4 d5 3. exd5 cxd5 4. Nc3 Nc6 5. Bb5 Nf6 6. Bg5 Bf5 7. Nf3 e6 8.
Qe2 Be7 9. Ne5 Rc8 10. h3 h6 11. Bh4 O-O 12. Bxc6 bxc6 13. Bg3 Qb6 14. O-O-O c5
15. Qb5 cxd4 16. Qxb6 axb6 17. Rxd4 Bc5 18. Rdd1 Bb4 19. Rhe1 Bxc3 20. bxc3
Rxc3 21. Nd3 Rfc8 22. Nb4 Bxc2 23. Be5 R3c4 24. Rd4 Bg6+ 25. Kb2 Rxd4 26. Bxd4
Rc4 27. Bxf6 gxf6 28. a3 f5 29. f3 Kg7 30. g3 h5 31. Nd3 h4 32. Ne5 Ra4 33. Kb3
b5 34. g4 fxg4 35. fxg4 Rf4 36. Re3 d4 37. Rf3 Re4 38. Kb2 Rxe5 0-1

[Event "XXXVIII TSz Juniorow FERIE z SZACHAMI 20"]
[Site "MDK nr 1 w Bydgoszczy"]
[Date "2021.??.??"]
[Round "1.5"]
[White "Balcerzak, Robert"]
[Black "Weryho, Mateusz"]
[Result "0-1"]
[WhiteElo "1320"]
[BlackElo "1455"]
[PlyCount "103"]
[EventDate "2021.??.??"]

1. e4 e6 2. d4 d5 3. Nc3 Bb4 4. Nge2 dxe4 5. a3 Ba5 6. b4 Bb6 7. Nxe4 Nc6 8. c3
Nge7 9. Bb2 e5 10. dxe5 Qxd1+ 11. Rxd1 Nxe5 12. c4 Nxc4 13. Bxg7 Ng6 14. Bxh8
Nxh8 15. Nf6+ Ke7 16. Nd5+ Ke8 17. Nf6+ Ke7 18. Nd5+ Kf8 19. Ra1 a5 20. Nec3
axb4 21. Bxc4 bxc3 22. Nxb6 cxb6 23. O-O Bf5 24. Rfc1 Rc8 25. Bd5 Rc5 26. Bxb7
Ng6 27. f3 Nf4 28. Be4 Bxe4 29. fxe4 c2 30. Kf2 Nd3+ 31. Ke3 Nxc1 32. Rxc1 Rc3+
33. Kd4 Rxa3 34. Rxc2 Rb3 35. Kc4 Rb1 36. Kc3 Ke7 37. Kd4 Kd6 38. e5+ Kd7 39.
Rf2 Ke7 40. Rc2 Rb5 41. Rc6 Rb2 42. h3 b5 43. Rb6 Rxg2 44. Rxb5 Rg3 45. Ke4
Rxh3 46. Rb6 Rh1 47. Kf5 Rh5+ 48. Ke4 Rg5 49. Rh6 Rg7 50. Kf5 Kf8 51. Rd6 Rg6
52. Rf6 0-1

[Event "XXXVIII TSz Juniorow FERIE z SZACHAMI 20"]
[Site "MDK nr 1 w Bydgoszczy"]
[Date "2021.??.??"]
[Round "2.1"]
[White "Holynski, Szymon"]
[Black "Weryho, Mateusz"]
[Result "0-1"]
[WhiteElo "1146"]
[BlackElo "1455"]
[PlyCount "94"]
[EventDate "2021.??.??"]

1. d4 d5 2. e3 Bf5 3. Bd3 Qd7 4. f4 Nf6 5. Nf3 e6 6. Ne5 Qd8 7. Nd2 Nbd7 8.
Ndf3 Be4 9. O-O Be7 10. Ng5 Bxd3 11. Qxd3 O-O 12. Ngxf7 Rxf7 13. Nxf7 Kxf7 14.
f5 e5 15. b3 e4 16. Qe2 c6 17. c4 Qb6 18. g4 h6 19. h4 Qc7 20. Kg2 h5 21. g5
Ng4 22. Rh1 Bd6 23. Rh3 Kg8 24. c5 Be7 25. Bd2 Rf8 26. Rf1 Rf7 27. Rf4 Nf8 28.
g6 Rf6 29. Be1 Qd7 30. Qf1 Bd8 31. b4 Bc7 32. Rxg4 hxg4 33. Rh1 Rxf5 34. Qe2
Rf3 35. h5 Qf5 36. a4 Qg5 37. Bf2 g3 38. Bg1 Qg4 39. Qe1 Ne6 40. a5 a6 41. Rh3
Ng5 42. Rh1 Rf2+ 43. Bxf2 gxf2+ 44. Kxf2 Bg3+ 45. Kf1 Qf3+ 46. Kg1 Bxe1 47. h6
Qf2# 0-1

[Event "XXXVIII TSz Juniorow FERIE z SZACHAMI 20"]
[Site "MDK nr 1 w Bydgoszczy"]
[Date "2021.??.??"]
[Round "2.3"]
[White "Jankowski, Igor"]
[Black "Lewandowski, Bartosz"]
[Result "1-0"]
[WhiteElo "1589"]
[BlackElo "1108"]
[PlyCount "49"]
[EventDate "2021.??.??"]

1. e4 Nf6 2. Nc3 Nc6 3. d4 e5 4. Nf3 exd4 5. Nxd4 Bb4 6. Nxc6 bxc6 7. Bd3 d5 8.
exd5 Qe7+ 9. Be3 cxd5 10. O-O Bxc3 11. bxc3 O-O 12. c4 Be6 13. cxd5 Nxd5 14.
Bd2 Rad8 15. Rb1 Qf6 16. Qh5 h6 17. f4 Qd4+ 18. Kh1 Nf6 19. Qa5 Ng4 20. Bc3
Nf2+ 21. Rxf2 Qxf2 22. Qe5 f6 23. Qxe6+ Rf7 24. Bg6 Rdd7 25. Rb8+ 1-0

[Event "XXXVIII TSz Juniorow FERIE z SZACHAMI 20"]
[Site "MDK nr 1 w Bydgoszczy"]
[Date "2021.??.??"]
[Round "2.5"]
[White "Zglinski, Sebastian"]
[Black "Podlewski, Szymon"]
[Result "0-1"]
[WhiteElo "1120"]
[BlackElo "1601"]
[PlyCount "68"]
[EventDate "2021.??.??"]

1. d4 d5 2. c4 e5 3. e3 Bb4+ 4. Nc3 Bxc3+ 5. bxc3 exd4 6. cxd4 Nf6 7. Ba3 c6 8.
Bd3 Qa5+ 9. Qd2 Qxa3 10. Nf3 Qe7 11. O-O O-O 12. Rfe1 Ne4 13. Qc2 Bf5 14. Nd2
Bg6 15. f3 Nxd2 16. Qxd2 Bxd3 17. Qxd3 dxc4 18. Qxc4 Nd7 19. e4 Nb6 20. Qd3
Rfd8 21. Rad1 Qb4 22. a3 Qc4 23. Qd2 Rd7 24. Re3 Rad8 25. Rd3 Na8 26. Kf2 Nc7
27. Ke3 Nb5 28. d5 Qc5+ 29. Ke2 cxd5 30. exd5 Rxd5 31. Qf4 Rxd3 32. Rxd3 Qc2+
33. Rd2 Qxd2+ 34. Qxd2 Rxd2+ 0-1

[Event "XXXVIII TSz Juniorow FERIE z SZACHAMI 20"]
[Site "MDK nr 1 w Bydgoszczy"]
[Date "2021.??.??"]
[Round "3.1"]
[White "Podlewski, Szymon"]
[Black "Holynski, Szymon"]
[Result "1-0"]
[WhiteElo "1601"]
[BlackElo "1146"]
[PlyCount "141"]
[EventDate "2021.??.??"]

1. e4 e5 2. Nf3 Nc6 3. d4 exd4 4. Bc4 h6 5. Nxd4 Ne5 6. Bb3 Bc5 7. Nf3 Nxf3+ 8.
Qxf3 Qf6 9. Qxf6 Nxf6 10. Nc3 O-O 11. O-O d6 12. h3 Re8 13. Re1 Bf5 14. Be3
Nxe4 15. Nxe4 Bxe4 16. Bxc5 dxc5 17. Re3 Bc6 18. Rae1 Kf8 19. Kf1 Rad8 20.
Rxe8+ Bxe8 21. Bc4 a6 22. Re5 b5 23. Be2 c4 24. Bf3 Rd6 25. Rc5 c6 26. Ke2 f6
27. b3 cxb3 28. axb3 a5 29. Ke3 Re6+ 30. Kd2 Re5 31. Rc3 c5 32. Rd3 Ke7 33. Bg4
Bc6 34. c4 b4 35. f4 Re4 36. Bf3 Re6 37. f5 Rd6 38. Bxc6 Rxc6 39. Re3+ Kd7 40.
Rg3 Rd6+ 41. Ke2 Ke8 42. Rxg7 a4 43. bxa4 Ra6 44. Rc7 Rxa4 45. Rxc5 Ra2+ 46.
Kf3 b3 47. Rb5 b2 48. g3 Ra3+ 49. Kg4 Ra4 50. Rxb2 Rxc4+ 51. Kh5 Rc3 52. Kh4
Ke7 53. Rb7+ Kd6 54. Rh7 Ke5 55. g4 Kf4 56. Rxh6 Ke5 57. Rh8 Rc7 58. Kh5 Rc3
59. h4 Rg3 60. Ra8 Rd3 61. Kg6 Rd6 62. h5 Rd4 63. Re8+ Kf4 64. h6 Kxg4 65. h7
Rd5 66. h8=Q Rxf5 67. Re4+ Kf3 68. Kxf5 Kg2 69. Qg7+ Kh3 70. Qg4+ Kh2 71. Re2+
1-0

[Event "XXXVIII TSz Juniorow FERIE z SZACHAMI 20"]
[Site "MDK nr 1 w Bydgoszczy"]
[Date "2021.??.??"]
[Round "3.3"]
[White "Lewandowski, Bartosz"]
[Black "Grzechowiak, Kacper"]
[Result "0-1"]
[WhiteElo "1108"]
[BlackElo "1480"]
[PlyCount "110"]
[EventDate "2021.??.??"]

1. d4 Nf6 2. c4 e5 3. dxe5 Ng4 4. Nf3 Bc5 5. e3 Nc6 6. Bd2 Ngxe5 7. Nxe5 Nxe5
8. Bc3 Qe7 9. Be2 a5 10. O-O Ra6 11. Qd5 d6 12. Nd2 c6 13. Qe4 f5 14. Qc2 O-O
15. Nb3 b6 16. Nxc5 bxc5 17. Rfd1 a4 18. Rd2 Rd8 19. Rad1 Ra7 20. b3 axb3 21.
axb3 Nf7 22. Qb2 Ng5 23. Be5 Rad7 24. Bf4 Ne4 25. Rd3 d5 26. Bf3 Qe6 27. Be5
Ba6 28. Bxe4 fxe4 29. cxd5 cxd5 30. R3d2 Rb7 31. Bc3 Bc4 32. b4 cxb4 33. Bxb4
Rdb8 34. Rb1 Bd3 35. Rxd3 exd3 36. Qd2 Qe4 37. f3 Qc4 38. Rc1 Qxb4 39. Qxd3 Qb3
40. Qf5 Qxe3+ 41. Kf1 Qxc1+ 42. Kf2 Rb2+ 43. Kg3 Qe1+ 44. Kh3 Qe7 45. Qxd5+ Qf7
46. Qg5 R2b5 47. Qe3 Qf5+ 48. g4 Qe5 49. Qd3 Rb3 50. Qc4+ Kh8 51. g5 Qf5+ 52.
Kh4 R3b4 53. Qxb4 Rxb4+ 54. Kh5 g6+ 55. Kh6 Qf8# 0-1

[Event "XXXVIII TSz Juniorow FERIE z SZACHAMI 20"]
[Site "MDK nr 1 w Bydgoszczy"]
[Date "2021.??.??"]
[Round "3.4"]
[White "Balcerzak, Robert"]
[Black "Jankowski, Igor"]
[Result "0-1"]
[WhiteElo "1320"]
[BlackElo "1589"]
[PlyCount "92"]
[EventDate "2021.??.??"]

1. e4 e6 2. d4 d5 3. Nc3 Bb4 4. Nge2 dxe4 5. a3 Be7 6. Nxe4 Nf6 7. N2g3 Nbd7 8.
Be3 O-O 9. Bd3 Nd5 10. c4 Nxe3 11. fxe3 f5 12. Nc3 Bh4 13. Qe2 e5 14. O-O-O e4
15. Bc2 Nf6 16. Nh5 Nxh5 17. Qxh5 Bg5 18. Nd5 g6 19. Qe2 c6 20. Nf4 b5 21. cxb5
cxb5 22. Qxb5 Bd7 23. Qd5+ Kh8 24. h4 Bxf4 25. exf4 Rc8 26. Kb1 Qe7 27. h5 Bc6
28. Qe5+ Qxe5 29. fxe5 g5 30. d5 Bb5 31. d6 Rfe8 32. d7 Bxd7 33. Rxd7 Rxe5 34.
Rhd1 e3 35. Rd8+ Rxd8 36. Rxd8+ Kg7 37. Rd1 g4 38. g3 Kh6 39. Kc1 Kxh5 40. Re1
Kg5 41. Kd1 h5 42. Rh1 Rd5+ 43. Ke1 Rd2 44. Bb1 Rxb2 45. Bd3 Ra2 46. Bxf5 Ra1+
0-1

[Event "XXXVIII TSz Juniorow FERIE z SZACHAMI 20"]
[Site "MDK nr 1 w Bydgoszczy"]
[Date "2021.??.??"]
[Round "4.2"]
[White "Jankowski, Igor"]
[Black "Weryho, Mateusz"]
[Result "1/2-1/2"]
[WhiteElo "1589"]
[BlackElo "1455"]
[PlyCount "85"]
[EventDate "2021.??.??"]

1. e4 e6 2. d4 d5 3. Nd2 dxe4 4. Nxe4 Nf6 5. Nxf6+ Qxf6 6. Nf3 Bd6 7. Bd3 h6 8.
O-O O-O 9. Re1 Nc6 10. c3 e5 11. dxe5 Nxe5 12. Nxe5 Bxe5 13. Qc2 Bd7 14. Bd2
Rfe8 15. Rad1 Rad8 16. Be4 Bg4 17. Rc1 c6 18. g3 g6 19. Be3 a6 20. Bb6 Rd7 21.
Bg2 Rde7 22. Qd2 Qd6 23. Qxd6 Bxd6 24. Rxe7 Rxe7 25. f3 Bf5 26. Bf1 Rd7 27. Be3
Bf8 28. Kf2 Kg7 29. Bc4 h5 30. Bb3 Be7 31. Rd1 Rd3 32. Ke2 Rxd1 33. Bxd1 Bd6
34. Bd4+ Kf8 35. b4 Ke7 36. Ke3 Be6 37. a4 h4 38. f4 hxg3 39. hxg3 Bd5 40. Be2
Bb3 41. a5 Bd5 42. g4 f6 43. g5 1/2-1/2

[Event "XXXVIII TSz Juniorow FERIE z SZACHAMI 20"]
[Site "MDK nr 1 w Bydgoszczy"]
[Date "2021.??.??"]
[Round "4.3"]
[White "Grzechowiak, Kacper"]
[Black "Balcerzak, Robert"]
[Result "1-0"]
[WhiteElo "1480"]
[BlackElo "1320"]
[PlyCount "179"]
[EventDate "2021.??.??"]

1. e4 Nf6 2. Nc3 d5 3. exd5 Nxd5 4. Nf3 Nxc3 5. bxc3 Bg4 6. d4 c5 7. Bb5+ Bd7
8. Bc4 e6 9. O-O b5 10. Be2 Bc6 11. Bg5 Be7 12. Bf4 Qa5 13. Qd2 Nd7 14. c4 Qxd2
15. Bxd2 bxc4 16. dxc5 Bxc5 17. Bxc4 Nb6 18. Bd3 Bxf3 19. gxf3 O-O 20. Be3 Rac8
21. Ba6 Rc6 22. Bb5 Rc7 23. Bf4 Rcc8 24. Ba6 Rcd8 25. Rad1 Nd5 26. Bd2 Rd6 27.
Bd3 Rfd8 28. Rb1 Bb6 29. a4 a5 30. Rb5 e5 31. Bxa5 Bxa5 32. Rxa5 Nb4 33. Rxe5
Nxd3 34. cxd3 Ra6 35. a5 f6 36. Rb5 Rxd3 37. Ra1 Rdd6 38. Rc1 Rd7 39. Rc8+ Kf7
40. Rcb8 Re7 41. R8b7 Rxb7 42. Rxb7+ Kg6 43. Rb5 Kf7 44. Kf1 Ke7 45. Ke2 Kd7
46. Rb7+ Ke8 47. Rxg7 h5 48. Ke3 Rxa5 49. Kf4 Kf8 50. Rb7 Rg5 51. h4 Re5 52.
Rb3 Kf7 53. Re3 Ra5 54. Re4 Kg6 55. Rd4 Re5 56. Kg3 Ra5 57. Kf4 Re5 58. Re4 Ra5
59. Ke3 Kf7 60. f4 Kg6 61. Rd4 Rc5 62. Ke4 f5+ 63. Ke3 Kf6 64. Rd6+ Kg7 65. Kd4
Rc1 66. Ke5 Rc5+ 67. Rd5 Rc2 68. Kxf5 Rxf2 69. Kg5 Kf7 70. Rd6 Rf3 71. Rh6 Kg7
72. Rxh5 Rg3+ 73. Kf5 Re3 74. Rg5+ Kh6 75. Kg4 Re2 76. Rb5 Rg2+ 77. Kf3 Rg6 78.
f5 Rc6 79. Re5 Kh5 80. Re4 Rc3+ 81. Kf4 Kxh4 82. f6 Kh5 83. f7 Rc2 84. Kf5 Rc5+
85. Kf6 Rc1 86. f8=Q Rf1+ 87. Ke7 Rb1 88. Qf5+ Kh6 89. Rh4+ Kg7 90. Qf7# 1-0

[Event "XXXVIII TSz Juniorow FERIE z SZACHAMI 20"]
[Site "MDK nr 1 w Bydgoszczy"]
[Date "2021.??.??"]
[Round "4.4"]
[White "Zglinski, Sebastian"]
[Black "Lewandowski, Bartosz"]
[Result "1-0"]
[WhiteElo "1120"]
[BlackElo "1108"]
[PlyCount "153"]
[EventDate "2021.??.??"]

1. d4 Nf6 2. c4 e5 3. dxe5 Ng4 4. Bf4 Nc6 5. Nf3 Bb4+ 6. Nc3 Qe7 7. Qd5 Bxc3+
8. bxc3 f6 9. e6 dxe6 10. Qh5+ g6 11. Qxg4 e5 12. Qg3 exf4 13. Qxf4 Bf5 14. Nd4
Ne5 15. e4 Ng4 16. Be2 Qxe4 17. Qxe4+ Bxe4 18. Bxg4 Bxg2 19. Rg1 Be4 20. f3 Bd3
21. Kd2 Bxc4 22. Rge1+ Kf7 23. Be6+ Bxe6 24. Nxe6 c6 25. Re2 b5 26. Rae1 a5 27.
Kc2 Rhc8 28. Nd4 b4 29. Re7+ Kf8 30. Rxh7 c5 31. Rh8+ Kf7 32. Rxc8 Rxc8 33. Nb5
Rb8 34. Nd6+ Kg7 35. Re7+ Kh6 36. Rc7 a4 37. Rxc5 b3+ 38. axb3 Rxb3 39. Rb5
Rxb5 40. Nxb5 Kg5 41. Nd4 Kf4 42. Kd3 a3 43. Ke2 a2 44. Nb3 f5 45. c4 Ke5 46.
Ke3 g5 47. h3 Kd6 48. Kd4 Ke6 49. c5 Kd7 50. Kd5 Kc7 51. Ke5 Kc6 52. Kd4 Kb5
53. Kd5 Kb4 54. Na1 Ka3 55. c6 Kb2 56. c7 Kxa1 57. c8=Q Kb2 58. Qa6 a1=Q 59.
Qxa1+ Kxa1 60. Ke5 g4 61. hxg4 fxg4 62. fxg4 Kb2 63. g5 Kc3 64. g6 Kc4 65. g7
Kc5 66. g8=Q Kc6 67. Qc8+ Kb6 68. Qc1 Kb5 69. Kd4 Kb6 70. Kd5 Kb7 71. Kd6 Kb8
72. Kd7 Kb7 73. Qb2+ Ka6 74. Kc7 Ka5 75. Kc6 Ka4 76. Kc5 Ka5 77. Qa2# 1-0

[Event "XXXVIII TSz Juniorow FERIE z SZACHAMI 20"]
[Site "MDK nr 1 w Bydgoszczy"]
[Date "2021.??.??"]
[Round "5.2"]
[White "Lewandowski, Bartosz"]
[Black "Podlewski, Szymon"]
[Result "0-1"]
[WhiteElo "1108"]
[BlackElo "1601"]
[PlyCount "100"]
[EventDate "2021.??.??"]

1. d4 d5 2. c4 e5 3. e3 Bb4+ 4. Bd2 Bxd2+ 5. Qxd2 exd4 6. exd4 Qe7+ 7. Qe3 Be6
8. b3 Nf6 9. Nf3 O-O 10. Be2 Ng4 11. Qd2 dxc4 12. O-O cxb3 13. d5 Bxd5 14. Qxd5
b2 15. Nc3 bxa1=Q 16. Rxa1 Nc6 17. h3 Nf6 18. Qb3 Rab8 19. Bd3 Rfd8 20. Re1 Qb4
21. Qc2 Nd4 22. Nxd4 Qxd4 23. Ne4 Qxd3 24. Nxf6+ gxf6 25. Re8+ Kg7 26. Qxd3
Rxd3 27. Rxb8 Rd1+ 28. Kh2 Rb1 29. f3 c5 30. Rc8 b6 31. h4 Rb2 32. Kh3 Rxa2 33.
g4 a5 34. Rc6 Rb2 35. Kg3 a4 36. Rc8 a3 37. Ra8 a2 38. Kf4 c4 39. g5 fxg5+ 40.
hxg5 c3 41. Ra6 c2 42. g6 hxg6 43. Kg4 c1=Q 44. f4 Rg2+ 45. Kf3 Qf1+ 46. Ke3
Re2+ 47. Kd4 Qd1+ 48. Kc4 Rc2+ 49. Kb5 Qb1+ 50. Ka4 a1=Q# 0-1

[Event "XXXVIII TSz Juniorow FERIE z SZACHAMI 20"]
[Site "MDK nr 1 w Bydgoszczy"]
[Date "2021.??.??"]
[Round "5.3"]
[White "Balcerzak, Robert"]
[Black "Zglinski, Sebastian"]
[Result "1/2-1/2"]
[WhiteElo "1320"]
[BlackElo "1120"]
[PlyCount "78"]
[EventDate "2021.??.??"]

1. e4 e6 2. d4 d5 3. Nc3 Nf6 4. Bg5 h6 5. Bxf6 Qxf6 6. exd5 Bb4 7. dxe6 Bxe6 8.
Bb5+ c6 9. Ba4 O-O 10. Nge2 Rd8 11. O-O Nd7 12. Ne4 Qe7 13. c3 Ba5 14. N2g3 f5
15. Nd2 c5 16. d5 Bxd5 17. Nxf5 Qg5 18. Ne3 Nf6 19. Nf3 Bxf3 20. Qxf3 Rab8 21.
Bb3+ Kh8 22. Rad1 Rxd1 23. Rxd1 Bc7 24. Nd5 Nxd5 25. Qxd5 Qxd5 26. Rxd5 b6 27.
Rd7 Rc8 28. Kf1 Bb8 29. Bf7 Rf8 30. a4 Kh7 31. Be6 Re8 32. Rb7 Rxe6 33. Rxb8
Re7 34. Rd8 Kg6 35. g3 Kf6 36. f3 g6 37. Kf2 h5 38. c4 g5 39. a5 Rb7 1/2-1/2

[Event "XXXVIII TSz Juniorow FERIE z SZACHAMI 20"]
[Site "MDK nr 1 w Bydgoszczy"]
[Date "2021.??.??"]
[Round "5.4"]
[White "Weryho, Mateusz"]
[Black "Grzechowiak, Kacper"]
[Result "1-0"]
[WhiteElo "1455"]
[BlackElo "1480"]
[PlyCount "58"]
[EventDate "2021.??.??"]

1. d4 d5 2. Bf4 c5 3. dxc5 Nc6 4. Nf3 Bg4 5. Nbd2 e6 6. Nb3 Bxf3 7. exf3 e5 8.
Bg3 a6 9. Be2 f5 10. f4 e4 11. O-O g6 12. c3 Bg7 13. f3 Nge7 14. Qc2 O-O 15.
Rad1 Qc7 16. c4 exf3 17. Bxf3 dxc4 18. Qxc4+ Kh8 19. Qc2 Rad8 20. a3 Rxd1 21.
Rxd1 Rd8 22. Rd2 Nd4 23. Nxd4 Bxd4+ 24. Rxd4 Rxd4 25. Qc3 Qd8 26. Bf2 Nc6 27.
Bxc6 bxc6 28. Qxd4+ Qxd4 29. Bxd4+ Kg8 1-0

[Event "XXXVIII TSz Juniorow FERIE z SZACHAMI 20"]
[Site "MDK nr 1 w Bydgoszczy"]
[Date "2021.??.??"]
[Round "6.1"]
[White "Holynski, Szymon"]
[Black "Jankowski, Igor"]
[Result "0-1"]
[WhiteElo "1146"]
[BlackElo "1589"]
[PlyCount "44"]
[EventDate "2021.??.??"]

1. d4 b5 2. e3 Bb7 3. f4 e6 4. Nf3 a6 5. Bd3 Nf6 6. O-O d6 7. Nbd2 Nbd7 8. e4
c5 9. c3 Qb6 10. e5 Ng4 11. Qe2 cxd4 12. cxd4 dxe5 13. Nxe5 Ndxe5 14. fxe5
Qxd4+ 15. Kh1 Bc5 16. Nb3 Nf2+ 17. Kg1 Qxd3 18. Qxd3 Nxd3+ 19. Nxc5 Nxc5 20.
Rd1 O-O 21. Be3 Ne4 22. Rd7 Bd5 0-1

[Event "XXXVIII TSz Juniorow FERIE z SZACHAMI 20"]
[Site "MDK nr 1 w Bydgoszczy"]
[Date "2021.??.??"]
[Round "6.3"]
[White "Zglinski, Sebastian"]
[Black "Weryho, Mateusz"]
[Result "1/2-1/2"]
[WhiteElo "1120"]
[BlackElo "1455"]
[PlyCount "127"]
[EventDate "2021.??.??"]

1. e4 e6 2. d4 d5 3. exd5 exd5 4. Bd3 Bd6 5. Nf3 Bg4 6. h3 Bh5 7. O-O Ne7 8.
Re1 O-O 9. Bg5 f6 10. Be3 c6 11. c3 Bc7 12. Nbd2 Qd6 13. Qc2 h6 14. Re2 f5 15.
Rae1 Nd7 16. Bxh6 gxh6 17. Rxe7 Rae8 18. Rxe8 Bxe8 19. Bxf5 Nf6 20. Ne5 Nh5 21.
Bg6 Qf6 22. Ndf3 Nf4 23. Bxe8 Rxe8 24. Ng4 Rxe1+ 25. Nxe1 Qe6 26. Nf3 h5 27.
Nge5 Qf6 28. Kh2 h4 29. g3 hxg3+ 30. fxg3 Nh5 31. Qg6+ Qxg6 32. Nxg6 Nxg3 33.
Nge5 Nf1+ 34. Kg2 Ne3+ 35. Kg1 Nd1 36. Nd3 Kg7 37. Kf1 Ne3+ 38. Kf2 Nc4 39.
Nfe5 Bxe5 40. dxe5 Kg6 41. Kg3 Kf5 42. Kh4 Nxe5 43. Nxe5 Kxe5 44. Kg5 c5 45. h4
d4 46. cxd4+ cxd4 47. h5 d3 48. h6 d2 49. h7 d1=Q 50. h8=Q+ Ke4 51. Qe8+ Kd3
52. Qd7+ Kc2 53. Qxb7 Qg1+ 54. Kf5 Qe3 55. a4 Qd3+ 56. Ke6 Qc4+ 57. Kd6 Qxa4
58. b4 a6 59. Kc5 Kb3 60. Qf3+ Kb2 61. Qe2+ Ka3 62. Qd3+ Ka2 63. Qd2+ Kb1 64.
Qe1+ 1/2-1/2

[Event "XXXVIII TSz Juniorow FERIE z SZACHAMI 20"]
[Site "MDK nr 1 w Bydgoszczy"]
[Date "2021.??.??"]
[Round "6.4"]
[White "Podlewski, Szymon"]
[Black "Balcerzak, Robert"]
[Result "1-0"]
[WhiteElo "1601"]
[BlackElo "1320"]
[PlyCount "227"]
[EventDate "2021.??.??"]

1. e4 c5 2. Nf3 Nf6 3. Nc3 d5 4. exd5 Nxd5 5. Nxd5 Qxd5 6. d4 Bg4 7. Be2 cxd4
8. c3 e5 9. cxd4 exd4 10. O-O Be7 11. Nxd4 Bxe2 12. Nxe2 Qxd1 13. Rxd1 Nd7 14.
Be3 Nc5 15. Nc3 Ne6 16. Rac1 Bf6 17. Rc2 O-O 18. Ne4 Rfd8 19. Nxf6+ gxf6 20.
Rxd8+ Rxd8 21. g3 b6 22. a3 Kg7 23. Kg2 Rd7 24. Rc4 f5 25. h4 Rd5 26. Rc2 Kf6
27. Rc6 Ke7 28. Rc8 Rd8 29. Rc4 Kd6 30. Rc2 Ke5 31. Rc4 Rd7 32. Rc2 Rd5 33. Kf3
Rd1 34. Kg2 Rd5 35. Re2 Kf6 36. f4 h5 37. Rc2 Rd3 38. Bf2 Ke7 39. Re2 Rd5 40.
Be3 Kd6 41. Rc2 Rd3 42. Kf2 Kd7 43. Ke2 Rd5 44. Rc4 Rb5 45. Rc2 Rd5 46. Rc3 Rb5
47. Rd3+ Kc6 48. b4 Rd5 49. Rc3+ Kd7 50. a4 Nc7 51. Ra3 Kc6 52. Bf2 Kb7 53. Rc3
Na6 54. Rb3 Nc7 55. Rb2 Kc6 56. Rc2+ Kb7 57. Rc4 Ne6 58. Rc1 Nc7 59. Ra1 Kc6
60. a5 Kb7 61. Ra3 Rb5 62. Be1 Rd5 63. Rd3 bxa5 64. bxa5 Kc6 65. Rb3 Rb5 66.
Rc3+ Kd6 67. Rc2 Rd5 68. Rb2 Rb5 69. Rc2 Rd5 70. Bb4+ Kd7 71. Ra2 a6 72. Ra1
Kc6 73. Bc3 Kd6 74. Re1 Kd7 75. Ra1 Kc6 76. Bd2 Nb5 77. Be3 Nc7 78. Bb6 Nb5 79.
Rc1+ Kd7 80. Rc4 Ke6 81. Rc6+ Nd6 82. Ke3 Rd1 83. Kf3 Rd5 84. Ke2 Rb5 85. Bc5
Kd5 86. Rxd6+ Kxc5 87. Rxa6 Rb3 88. Kf2 Rb2+ 89. Ke1 Rg2 90. Rf6 Rxg3 91. Rxf5+
Kb4 92. Rxh5 Rg4 93. a6 Rxf4 94. a7 Re4+ 95. Kf2 Re8 96. Rf5 Ra8 97. Rxf7 Kc5
98. h5 Kd6 99. h6 Ke6 100. Rb7 Kf6 101. h7 Kg6 102. Rb8 Rxa7 103. h8=Q Rf7+
104. Kg3 Re7 105. Rg8+ Kf5 106. Qd4 Rf7 107. Qf4+ Ke6 108. Re8+ Kd5 109. Qxf7+
Kd6 110. Rd8+ Kc6 111. Qc4+ Kb7 112. Rc8 Ka7 113. Qb4 Ka6 114. Ra8# 1-0

[Event "XXXVIII TSz Juniorow FERIE z SZACHAMI 20"]
[Site "MDK nr 1 w Bydgoszczy"]
[Date "2021.??.??"]
[Round "7.1"]
[White "Lewandowski, Bartosz"]
[Black "Holynski, Szymon"]
[Result "0-1"]
[WhiteElo "1108"]
[BlackElo "1146"]
[PlyCount "50"]
[EventDate "2021.??.??"]

1. d4 Nf6 2. c4 e6 3. Nf3 d5 4. Bf4 Be7 5. e3 b6 6. Bd3 Bb7 7. O-O Nbd7 8. Nc3
a6 9. cxd5 exd5 10. Qc2 O-O 11. Rac1 c5 12. Ne2 c4 13. Bf5 g6 14. Bh3 Ne4 15.
Ne5 Nxe5 16. Bxe5 Bd6 17. Bf4 Ng5 18. Bg4 f5 19. h4 Ne4 20. f3 Bxf4 21. Nxf4
Ng3 22. Ne6 Qe7 23. Nxf8 Rxf8 24. Rfe1 fxg4 25. fxg4 Qxh4 0-1

[Event "XXXVIII TSz Juniorow FERIE z SZACHAMI 20"]
[Site "MDK nr 1 w Bydgoszczy"]
[Date "2021.??.??"]
[Round "7.3"]
[White "Weryho, Mateusz"]
[Black "Podlewski, Szymon"]
[Result "1-0"]
[WhiteElo "1455"]
[BlackElo "1601"]
[PlyCount "120"]
[EventDate "2021.??.??"]

1. d4 d5 2. Bf4 Bf5 3. e3 Nf6 4. Bd3 Bg6 5. Nf3 e6 6. O-O Bd6 7. c3 O-O 8. Qc2
Nc6 9. Nbd2 Re8 10. Rfe1 e5 11. dxe5 Bxe5 12. Nxe5 Nxe5 13. Bxe5 Bxd3 14. Bxf6
Bxc2 15. Bxd8 Raxd8 16. Rac1 Bg6 17. Nf3 c6 18. Nd4 Re7 19. g3 Rde8 20. c4 c5
21. Nb5 a6 22. Nc3 d4 23. Nd5 Re5 24. Rcd1 dxe3 25. Nxe3 h6 26. Rd7 R8e7 27.
Red1 Rxd7 28. Rxd7 b5 29. Ra7 Re6 30. Rc7 Re5 31. Rc6 bxc4 32. Rxa6 Bd3 33. Ra4
Re4 34. Ra5 Re5 35. Kg2 Be4+ 36. f3 Bd3 37. Kf2 Rh5 38. Ng4 f5 39. Rxc5 Kh7 40.
Kg2 fxg4 41. Rxh5 g5 42. fxg4 Be2 43. h3 Bd1 44. Kf2 Kg6 45. Ke3 Kg7 46. Kd4
Be2 47. a4 Kg6 48. a5 Kg7 49. a6 c3 50. bxc3 Bxa6 51. c4 Bc8 52. c5 Bb7 53. Ke5
Bc8 54. Kd6 Bb7 55. c6 Bc8 56. c7 Kg6 57. Ke7 Kg7 58. Kd8 Be6 59. c8=Q Bxc8 60.
Kxc8 Kg6 1-0

[Event "XXXVIII TSz Juniorow FERIE z SZACHAMI 20"]
[Site "MDK nr 1 w Bydgoszczy"]
[Date "2021.??.??"]
[Round "7.5"]
[White "Jankowski, Igor"]
[Black "Grzechowiak, Kacper"]
[Result "1/2-1/2"]
[WhiteElo "1589"]
[BlackElo "1480"]
[PlyCount "62"]
[EventDate "2021.??.??"]

1. e4 c6 2. d4 d5 3. e5 c5 4. c3 Nc6 5. Be3 cxd4 6. cxd4 Bf5 7. Qb3 Qd7 8. Nf3
e6 9. a3 Nge7 10. Nc3 Nc8 11. Bb5 Be7 12. O-O O-O 13. Rac1 a6 14. Be2 Na5 15.
Qd1 b5 16. b4 Nc4 17. Bxc4 bxc4 18. Ra1 Na7 19. Na4 Qc6 20. Nc5 Rfb8 21. Qd2
Nc8 22. Rfc1 Qb5 23. Ne1 a5 24. h3 axb4 25. axb4 Nb6 26. Nc2 Bxc2 27. Qxc2 Rxa1
28. Rxa1 Nd7 29. Ra5 Qc6 30. Qa4 Qxa4 31. Rxa4 Nb6 1/2-1/2

[Event "XXXVIII TSz Juniorow FERIE z SZACHAMI 20"]
[Site "MDK nr 1 w Bydgoszczy"]
[Date "2021.??.??"]
[Round "8.1"]
[White "Holynski, Szymon"]
[Black "Grzechowiak, Kacper"]
[Result "1-0"]
[WhiteElo "1146"]
[BlackElo "1480"]
[PlyCount "103"]
[EventDate "2021.??.??"]

1. d4 d5 2. e3 c6 3. f4 Bf5 4. Bd3 Bxd3 5. Qxd3 Nf6 6. Nd2 e6 7. Ngf3 Nbd7 8.
Ne5 c5 9. c4 Qb6 10. O-O Be7 11. b3 O-O 12. g4 Nxe5 13. dxe5 Nxg4 14. h3 Nh6
15. cxd5 exd5 16. Qxd5 Rad8 17. Qf3 Nf5 18. Nc4 Qg6+ 19. Qg4 Qxg4+ 20. hxg4 Ng3
21. Rf3 Rd1+ 22. Kg2 Ne4 23. Bb2 Rfd8 24. Rxd1 Rxd1 25. Rf1 Rd7 26. Bc1 Bd8 27.
Kf3 Nc3 28. Rf2 Bc7 29. Rc2 Nd5 30. Rd2 Nb6 31. Rxd7 Nxd7 32. Nd6 b6 33. Ke4 f6
34. Kd5 fxe5 35. fxe5 Bb8 36. Bb2 Kf8 37. Ke6 Bxd6 38. exd6 Ke8 39. Bxg7 b5 40.
e4 c4 41. bxc4 bxc4 42. Kd5 Nb6+ 43. Kc6 Kd8 44. Bf6+ Ke8 45. a4 Nd7 46. Bc3
Kd8 47. a5 a6 48. e5 Nf8 49. Kd5 Kd7 50. Kxc4 Ne6 51. Kd5 Nd8 52. Kc5 1-0